[Event "ICS rated blitz match"]
[Site "204.178.125.65"]
[Date "2000.09.11"]
[Round "?"]
[White "Hossa"]
[Black "Athlon900"]
[Result "0-1"]
[WhiteElo "2577"]
[BlackElo "2825"]
[PlyCount "76"]
[EventDate "2000.??.??"]

1. e4 e6 2. d4 d5 3. Nc3 dxe4 4. Nxe4 Nc6 5. Nf3 Nf6 6. Nxf6+ Qxf6 7. c3 h6 8.
Bd3 Bd7 9. Be3 O-O-O 10. O-O Kb8 11. b4 Ne7 12. Ne5 Nd5 13. Nxd7+ Rxd7 14. Qa4
c6 15. Rac1 Bd6 16. Bd2 Bf4 17. Qc2 Bxd2 18. Qxd2 e5 19. b5 c5 20. c4 Nf4 21.
Be4 Qg5 22. Kh1 Rxd4 23. Qe3 f5 24. Bd5 e4 25. g4 h5 26. f3 exf3 27. Qe5+ Ka8
28. Qxf5 Qh4 29. g5 Rd2 30. h3 Qg3 31. Bxb7+ Kxb7 32. Qe4+ Kc7 33. b6+ Kd6 34.
Qxf4+ Qxf4 35. Rf2 Rxf2 36. Rd1+ Kc6 37. Rd6+ Kxd6 38. Kg1 Qh2# {
Hossa checkmated} 0-1

[Event "ICS rated blitz match"]
[Site "204.178.125.65"]
[Date "2000.09.11"]
[Round "?"]
[White "gambitmaster"]
[Black "Hossa"]
[Result "0-1"]
[WhiteElo "2589"]
[BlackElo "2571"]
[PlyCount "139"]
[EventDate "2000.??.??"]

1. d4 d5 2. c4 e6 3. Nc3 Nf6 4. cxd5 exd5 5. Bg5 Be7 6. e3 O-O 7. Bd3 c6 8. Qc2
Nbd7 9. Nge2 Re8 10. O-O Kh8 11. Rac1 Ne4 12. Bxe7 Qxe7 13. Bxe4 dxe4 14. d5
Nc5 15. Nf4 g5 16. dxc6 bxc6 17. Nfe2 Ba6 18. Rfd1 Nd3 19. Rb1 Nb4 20. Qa4 Bd3
21. Rbc1 a5 22. Ng3 Qe5 23. Rd2 f5 24. a3 Bb5 25. Qb3 Nd3 26. Rb1 Rf8 27. a4
Ba6 28. Qb6 Rf6 29. Rc2 Nb4 30. Rd2 Bd3 31. Rbd1 Rf7 32. Nce2 Rd7 33. Rc1 Rb8
34. Qc5 Rd5 35. Qa7 Bxe2 36. Rxe2 Rf8 37. Qb7 Qe8 38. Nf1 Rf7 39. Qb6 Qa8 40.
Rc4 Rb7 41. Rxb4 Rxb6 42. Rxb6 Rd1 43. g3 c5 44. Rd2 Rxd2 45. Nxd2 Qd8 46. Nc4
Qd1+ 47. Kg2 Qxa4 48. b3 Qa2 49. Nd6 h5 50. h4 gxh4 51. Nxf5 h3+ 52. Kxh3 Qe2
53. Rb8+ Kh7 54. Rb7+ Kg6 55. Nh4+ Kf6 56. Rb6+ Ke7 57. Ng6+ Kd8 58. Kg2 Qf3+
59. Kg1 Qd1+ 60. Kg2 Kc7 61. Rb5 Kc6 62. Rxa5 Qxb3 63. Nf4 Qd1 64. Ra6+ Kb5 65.
Rh6 c4 66. Rxh5+ Kb4 67. Rd5 Qf3+ 68. Kf1 c3 69. Rd4+ Kb3 70. Nd3 {
gambitmaster resigns} 0-1

[Event "ICS rated blitz match"]
[Site "204.178.125.65"]
[Date "2000.09.11"]
[Round "?"]
[White "Hossa"]
[Black "PostModernist"]
[Result "1-0"]
[WhiteElo "2588"]
[BlackElo "2642"]
[PlyCount "123"]
[EventDate "2000.??.??"]

1. d4 Nf6 2. c4 e6 3. Nf3 d5 4. Nc3 Be7 5. Bg5 h6 6. Bf4 O-O 7. a3 c5 8. cxd5
Nxd5 9. Nxd5 Qxd5 10. dxc5 Qxc5 11. e4 Rd8 12. Qc1 Qa5+ 13. b4 Qa4 14. Be2 Qc6
15. Qe3 g5 16. Bg3 f5 17. exf5 g4 18. Be5 exf5 19. Rc1 Qg6 20. Bxb8 gxf3 21.
Qxe7 Re8 22. Rxc8 Rxc8 23. Bxf3 Raxb8 24. O-O Re8 25. Qc7 Kh8 26. Qc3+ Kh7 27.
Qd4 b6 28. Qd7+ Kg8 29. Bd5+ Kf8 30. Qxa7 Rbd8 31. Qb7 Re7 32. Qa6 Rde8 33. Qb5
Re1 34. g3 Kg7 35. Qd7+ R1e7 36. Qa4 Re1 37. Qa7+ R8e7 38. Qb8 Kh7 39. Rxe1
Rxe1+ 40. Kg2 Rc1 41. Qb7+ Kh8 42. Qe7 Rc8 43. Qe5+ Kh7 44. a4 h5 45. h4 Rf8
46. a5 bxa5 47. bxa5 Rf6 48. Kf1 Ra6 49. Bc4 Ra7 50. Kg2 Qc6+ 51. Bd5 Qd7 52.
Be6 Rxa5 53. Bg8+ Kxg8 54. Qxa5 Qd3 55. Qa2+ Kg7 56. Qe6 Qe4+ 57. Qxe4 fxe4 58.
g4 Kg6 59. gxh5+ Kf6 60. h6 Ke5 61. Kg3 Ke6 62. Kf4 {PostModernist resigns} 1-0

[Event "ICS rated blitz match"]
[Site "204.178.125.65"]
[Date "2000.09.11"]
[Round "?"]
[White "gambitmaster"]
[Black "Hossa"]
[Result "0-1"]
[WhiteElo "2577"]
[BlackElo "2606"]
[PlyCount "101"]
[EventDate "2000.??.??"]

1. d4 d5 2. c4 e6 3. Nf3 Nf6 4. Nc3 Be7 5. Bg5 O-O 6. e3 Nbd7 7. Rc1 h6 8. Bh4
c6 9. Bd3 dxc4 10. Bxc4 c5 11. O-O cxd4 12. Nxd4 Ne5 13. Bb3 Bd7 14. Bg3 Qa5
15. Qd2 Rfd8 16. Rc2 Nc6 17. Nd5 Qxd2 18. Nxe7+ Nxe7 19. Rxd2 Ne4 20. Rc2 Nxg3
21. hxg3 Nc6 22. Nxc6 Bxc6 23. Rfc1 g6 24. a3 Be4 25. Rc7 Rd2 26. Bc2 Bc6 27.
b4 Rb8 28. a4 a6 29. Kf1 Kg7 30. a5 Rbd8 31. Bb3 Kf6 32. Bc2 h5 33. e4 Kg7 34.
e5 Bb5+ 35. Kg1 Re2 36. Bb3 Rxe5 37. Rxb7 Rd2 38. g4 Ree2 39. Kh1 hxg4 40. Rcc7
Rb2 41. Rxf7+ Kh6 42. f4 gxf3 43. Rxf3 Bc6 44. Rbf7 Rxg2 45. Bc4 Rg3 46. Bxa6
Bxf3+ 47. Rxf3 Rxf3 48. Kg1 Rxb4 49. Kg2 Rf7 50. Kh3 Re4 51. Bd3 {
gambitmaster resigns} 0-1

[Event "ICS rated blitz match"]
[Site "204.178.125.65"]
[Date "2000.09.11"]
[Round "?"]
[White "Hossa"]
[Black "gambitmaster"]
[Result "0-1"]
[WhiteElo "2621"]
[BlackElo "2562"]
[PlyCount "100"]
[EventDate "2000.??.??"]

1. e4 e5 2. Nf3 Nc6 3. Nc3 Nf6 4. Nxe5 Nxe5 5. d4 Nc6 6. d5 Ne5 7. f4 Ng6 8. e5
Ng8 9. d6 cxd6 10. exd6 Qa5 11. h4 h5 12. Qd3 Nh6 13. Qb5 b6 14. Qxa5 bxa5 15.
Nb5 Rb8 16. Bd2 Nf5 17. O-O-O Bxd6 18. Nxd6+ Nxd6 19. Re1+ Kf8 20. Bd3 Bb7 21.
f5 Ne7 22. Bf4 Nec8 23. Re2 Bc6 24. Rf1 f6 25. c4 Rb4 26. Rfe1 Kf7 27. b3 a4
28. Bd2 Rb7 29. b4 a6 30. Kc2 Rb8 31. Bc3 Re8 32. Rxe8 Nxe8 33. Be2 Ncd6 34.
Bxh5+ Kf8 35. b5 axb5 36. Bb4 Kg8 37. c5 Ne4 38. Kd3 d5 39. cxd6 N8xd6 40. Bf3
Re8 41. Re2 Rd8 42. Kc2 Ng3 43. Rd2 Bxf3 44. gxf3 Ngxf5 45. h5 Kf7 46. Kb1 Ke6
47. Bc5 Ng3 48. a3 Nb7 49. Rg2 Nxh5 50. Bb4 g5 {Hossa resigns} 0-1

[Event "ICS rated blitz match"]
[Site "204.178.125.65"]
[Date "2000.09.11"]
[Round "?"]
[White "QueenMaxima"]
[Black "Hossa"]
[Result "1-0"]
[WhiteElo "2626"]
[BlackElo "2602"]
[PlyCount "175"]
[EventDate "2000.??.??"]

1. d4 d5 2. c4 c6 3. Nf3 Nf6 4. e3 Bf5 5. cxd5 cxd5 6. Bb5+ Nbd7 7. O-O e6 8.
Nh4 Be4 9. Nc3 h6 10. Bd2 a6 11. Ba4 b5 12. Bc2 Bxc2 13. Qxc2 Rc8 14. Qd3 Bd6
15. Rac1 Nb6 16. Nf3 Nc4 17. Rc2 b4 18. Ne2 O-O 19. Rfc1 Qa5 20. a3 Rb8 21.
axb4 Bxb4 22. Bxb4 Qxb4 23. Ne5 Nxe5 24. dxe5 Nd7 25. f4 Qb3 26. Qd2 Qb4 27.
Qxb4 Rxb4 28. Nd4 h5 29. Rc7 Nb8 30. b3 g6 31. Re7 Rb6 32. Kf2 Kh7 33. Kf3 Kg8
34. Rcc7 a5 35. Rc5 Ra6 36. Rb7 Rd8 37. Rcc7 Rf8 38. g3 Kg7 39. Nb5 Rc6 40. Re7
Rc1 41. Nd6 Nc6 42. Rxf7+ Rxf7 43. Nxf7 Kf8 44. Ng5 Nd8 45. Nh7+ Kg8 46. Re7
Rc8 47. Ng5 Kf8 48. Rd7 Ke8 49. Rg7 Rc2 50. Rxg6 Ke7 51. Rg7+ Kf8 52. Ra7 Rxh2
53. Nh7+ Ke8 54. Nf6+ Kf8 55. Rxa5 Rb2 56. Ra8 Ke7 57. Ra7+ Kf8 58. Rd7 Nf7 59.
Rb7 Nd8 60. Rb6 Ke7 61. Nxh5 Rh2 62. Nf6 Rh1 63. Rd6 Nf7 64. Rc6 Nd8 65. Rc7+
Kf8 66. Rc8 Ke7 67. Rc3 Kf7 68. b4 Rf1+ 69. Kg4 Rb1 70. Rc7+ Kf8 71. Nh7+ Kg8
72. Re7 Nf7 73. Nf6+ Kg7 74. Rxe6 Rxb4 75. Nxd5 Rb1 76. Re7 Kf8 77. Rd7 Rh1 78.
e6 Nh6+ 79. Kg5 Ng8 80. Nc7 Ne7 81. Rd8+ Kg7 82. Ne8+ Kh8 83. Nf6+ Kg7 84. Re8
Rh5+ 85. Nxh5+ Kh7 86. Nf6+ Kg7 87. Rxe7+ Kh8 88. Rh7# {Hossa checkmated} 1-0

[Event "ICS rated blitz match"]
[Site "204.178.125.65"]
[Date "2000.09.11"]
[Round "?"]
[White "Hossa"]
[Black "gambitmaster"]
[Result "1-0"]
[WhiteElo "2587"]
[BlackElo "2585"]
[PlyCount "69"]
[EventDate "2000.??.??"]

1. e4 e5 2. Nf3 Nc6 3. Nc3 Nf6 4. Nxe5 Nxe5 5. d4 Nc6 6. d5 Ne5 7. f4 Ng6 8. e5
Ng8 9. d6 cxd6 10. exd6 Qf6 11. Nb5 Kd8 12. Be3 Qxb2 13. Bd4 Qb4+ 14. c3 Qb2
15. Rb1 Qxa2 16. g3 Qa6 17. Rg1 Nh6 18. Nc7 Qxd6 19. Nxa8 Qb8 20. Ra1 Qxa8 21.
Rxa7 Qb8 22. Bb6+ Ke8 23. Rg2 Ne7 24. Rga2 Nhf5 25. Qb3 Qd6 26. Re2 Nxg3 27.
hxg3 Qb8 28. Qa3 f6 29. Ra8 Qxa8 30. Qxa8 Kf7 31. Bg2 d6 32. Bd5+ Kg6 33. Qa4
h6 34. Qe8+ Kh7 35. Rxe7 {gambitmaster resigns} 1-0

[Event "ICS rated blitz match"]
[Site "204.178.125.65"]
[Date "2000.09.11"]
[Round "?"]
[White "gambitmaster"]
[Black "Hossa"]
[Result "1-0"]
[WhiteElo "2569"]
[BlackElo "2603"]
[PlyCount "163"]
[EventDate "2000.??.??"]

1. d4 d5 2. c4 c6 3. Nf3 Nf6 4. Nc3 e6 5. Bg5 dxc4 6. g3 h6 7. Bxf6 Qxf6 8. Ne5
Nd7 9. Nxc4 e5 10. a3 exd4 11. Ne4 Qe6 12. Qxd4 c5 13. Ned6+ Kd8 14. Qd3 Bxd6
15. Nxd6 Ke7 16. O-O-O Ne5 17. Qc3 Rd8 18. Bh3 Qxh3 19. Qxc5 Be6 20. f4 Ng6 21.
Nxb7+ Ke8 22. Rxd8+ Rxd8 23. Nxd8 Kxd8 24. Rd1+ Ke8 25. Qc7 Bd7 26. e4 Nf8 27.
Qb8+ Ke7 28. Qd6+ Ke8 29. Qe5+ Qe6 30. Qb8+ Ke7 31. e5 Qc4+ 32. Kb1 Bf5+ 33.
Ka1 Nd7 34. Qd6+ Ke8 35. Qd5 Qc2 36. Qh1 f6 37. exf6 Nxf6 38. Qa8+ Kf7 39.
Qxa7+ Kg6 40. Qg1 Qb3 41. Qd4 Kh7 42. Rd2 Ne4 43. Qd5 Nxd2 44. Qxf5+ Kh8 45.
Qc8+ Qg8 46. Qxg8+ Kxg8 47. b4 Nf1 48. b5 Nd2 49. b6 Nb3+ 50. Kb2 Nc5 51. Kc2
Nb7 52. Kc3 Nd8 53. a4 Nc6 54. b7 Kf7 55. a5 Nb8 56. Kc4 Ke8 57. Kc5 Kd8 58.
Kd6 Na6 59. g4 Nb8 60. h4 Na6 61. h5 Nb8 62. g5 Na6 63. gxh6 gxh6 64. Kc6 Nb8+
65. Kb6 Nd7+ 66. Ka7 Kc7 67. a6 Nb8 68. f5 Nd7 69. f6 Nxf6 70. b8=Q+ Kd7 71.
Qb5+ Ke6 72. Qc6+ Ke5 73. Qxf6+ Ke4 74. Qxh6 Kd5 75. Qg5+ Ke4 76. h6 Kd4 77. h7
Kd3 78. h8=Q Kc4 79. Qgg8+ Kd3 80. Qg3+ Ke2 81. Qhh2+ Kf1 82. Qhg2# {
Hossa checkmated} 1-0

[Event "ICS rated blitz match"]
[Site "204.178.125.65"]
[Date "2000.09.11"]
[Round "?"]
[White "Hossa"]
[Black "QueenMaxima"]
[Result "0-1"]
[WhiteElo "2585"]
[BlackElo "2641"]
[PlyCount "110"]
[EventDate "2000.??.??"]

1. e4 c5 2. Nf3 e6 3. d4 cxd4 4. Nxd4 Nc6 5. Nc3 Qc7 6. Be3 a6 7. Bd3 b5 8.
Nxc6 Qxc6 9. O-O Bb7 10. Qf3 Nf6 11. Bd4 Be7 12. Qg3 O-O 13. e5 Nh5 14. Qh3
Rfb8 15. a4 b4 16. Ne4 Nf4 17. Qg4 Nxd3 18. cxd3 Rc8 19. Nf6+ Kh8 20. Nh5 Bf8
21. Be3 Qd5 22. d4 Qb3 23. Qf4 Rc2 24. Qxf7 Qxe3 25. fxe3 Rxg2+ 26. Kh1 Rg3+
27. Qf3 Bxf3+ 28. Rxf3 Rxf3 29. Ng3 Rxe3 30. Rd1 Rc8 31. Rd2 b3 32. Nf1 Rc2 33.
Kg1 Rxd2 34. Nxd2 Rd3 35. Nc4 Rxd4 36. Na5 Rd1+ 37. Kf2 Rd2+ 38. Kg3 Rxb2 39.
h4 Rg2+ 40. Kxg2 b2 41. Nc4 b1=Q 42. Nd6 Qc2+ 43. Kh3 Qd3+ 44. Kg2 Qe2+ 45. Kh3
Qf3+ 46. Kh2 Qf2+ 47. Kh3 Be7 48. h5 Bh4 49. Ne4 Qe1 50. Kh2 Qxe4 51. h6 Qc2+
52. Kh1 Bg3 53. hxg7+ Kxg7 54. Kg1 Qf2+ 55. Kh1 Qh2# {Hossa checkmated} 0-1

[Event "ICS Rated standard match"]
[Site "204.178.125.65"]
[Date "2000.09.11"]
[Round "?"]
[White "Yousef"]
[Black "Hossa"]
[Result "0-1"]
[WhiteElo "2256"]
[BlackElo "2377"]
[PlyCount "26"]
[EventDate "2000.??.??"]

1. d3 d5 2. Nc3 Nf6 3. g3 e5 4. Bg2 d4 5. Nb1 Bc5 6. e4 Nc6 7. f4 exf4 8. gxf4
Ng4 9. Nf3 Ne3 10. Bxe3 dxe3 11. c3 Bg4 12. d4 Bxf3 13. Qxf3 Bxd4 {
Yousef resigns} 0-1

[Event "ICS rated blitz match"]
[Site "204.178.125.65"]
[Date "2000.09.11"]
[Round "?"]
[White "PostModernist"]
[Black "Hossa"]
[Result "1-0"]
[WhiteElo "2624"]
[BlackElo "2572"]
[PlyCount "79"]
[EventDate "2000.??.??"]

1. d4 d5 2. Nf3 Nf6 3. e3 e6 4. Bd3 c5 5. c3 Nbd7 6. Nbd2 Bd6 7. O-O O-O 8. e4
dxe4 9. Nxe4 Nxe4 10. Bxe4 Nf6 11. Bc2 b6 12. Qd3 a5 13. Rd1 c4 14. Qe2 Bb7 15.
Ne5 Qc7 16. Bf4 a4 17. Qe3 a3 18. bxa3 Rxa3 19. Qh3 Rfa8 20. Bb1 b5 21. Re1 b4
22. Bg5 Rxc3 23. Qh4 Bxe5 24. dxe5 Qc6 25. f3 h6 26. Bxf6 Qc5+ 27. Kh1 Kf8 28.
Bxg7+ Kxg7 29. Qf6+ Kf8 30. Bg6 Qc7 31. Rad1 Rca3 32. Rd4 Rxa2 33. Rf4 Re8 34.
Bxf7 Qd8 35. Qxh6+ Ke7 36. Qxe6+ Kf8 37. Bxe8+ Qf6 38. Rxf6+ Kg7 39. Rg6+ Kh7
40. Qh3# {Hossa checkmated} 1-0

[Event "ICS rated blitz match"]
[Site "204.178.125.65"]
[Date "2000.09.11"]
[Round "?"]
[White "Colorado"]
[Black "Hossa"]
[Result "1-0"]
[WhiteElo "2594"]
[BlackElo "2558"]
[PlyCount "115"]
[EventDate "2000.??.??"]

1. e4 e5 2. Nf3 Nc6 3. Bb5 a6 4. Ba4 Nf6 5. O-O Be7 6. Re1 b5 7. Bb3 d6 8. c3
O-O 9. h3 Bb7 10. d4 Re8 11. Nbd2 Bf8 12. a4 h6 13. Bc2 exd4 14. cxd4 Nb4 15.
Bb1 c5 16. d5 Nd7 17. Ra3 f5 18. exf5 Nf6 19. Nh4 Rxe1+ 20. Qxe1 Bxd5 21. axb5
axb5 22. Ng6 Rxa3 23. bxa3 Nc6 24. Bb2 Qe8 25. Qf1 Ne5 26. Nxe5 dxe5 27. Bc2
Bd6 28. Nb1 Be4 29. Bxe4 Nxe4 30. a4 c4 31. Qe2 Nc5 32. Ba3 Nb7 33. Qe4 Qd7 34.
axb5 Qxb5 35. f6 Qb3 36. Qg6 Qd1+ 37. Kh2 e4+ 38. g3 Bxg3+ 39. Qxg3 Qd7 40. Be7
g5 41. Qb8+ Nd8 42. Qxd8+ Qxd8 43. Bxd8 Kf7 44. Nc3 Ke8 45. Ba5 Kf8 46. Nxe4
Kf7 47. Bc3 Ke6 48. Kg3 Kd7 49. f4 gxf4+ 50. Kxf4 Ke6 51. h4 Kf7 52. Kf5 h5 53.
Bb4 Ke8 54. Ke6 Kd8 55. Bd6 Kc8 56. Nc5 c3 57. f7 Kd8 58. f8=Q# {
Hossa checkmated} 1-0

[Event "ICS rated blitz match"]
[Site "204.178.125.65"]
[Date "2000.09.11"]
[Round "?"]
[White "Hossa"]
[Black "tiree"]
[Result "1-0"]
[WhiteElo "2544"]
[BlackElo "1947"]
[PlyCount "43"]
[EventDate "2000.??.??"]

1. d4 Nf6 2. c4 e6 3. Nf3 c5 4. Nc3 g6 5. Bg5 Bg7 6. dxc5 Nc6 7. Qd6 Qa5 8. Bd2
Bf8 9. Nb5 Bxd6 10. Nxd6+ Ke7 11. Bxa5 Nxa5 12. Ne5 Rf8 13. Rd1 Rb8 14. Nf3 b6
15. b4 Nc6 16. b5 Nb4 17. cxb6 Rxb6 18. c5 Rb8 19. Ne5 Nxa2 20. Ra1 Nc3 21.
Rxa7 Nxb5 22. Nc6# {tiree checkmated} 1-0

[Event "ICS rated blitz match"]
[Site "204.178.125.65"]
[Date "2000.09.11"]
[Round "?"]
[White "manta"]
[Black "Hossa"]
[Result "0-1"]
[WhiteElo "1945"]
[BlackElo "2545"]
[PlyCount "34"]
[EventDate "2000.??.??"]

1. Nf3 d5 2. g3 Nc6 3. Bg2 e5 4. O-O e4 5. Ne1 h5 6. h4 g5 7. hxg5 h4 8. gxh4
Rxh4 9. d3 Bd6 10. f4 Bc5+ 11. e3 Bg4 12. Qd2 f5 13. d4 Be7 14. Qf2 Rh7 15. c3
Qd6 16. Nc2 Bxg5 17. Re1 Bh4 {manta resigns} 0-1

[Event "ICS rated blitz match"]
[Site "204.178.125.65"]
[Date "2000.09.11"]
[Round "?"]
[White "brutus"]
[Black "Hossa"]
[Result "0-1"]
[WhiteElo "2281"]
[BlackElo "2529"]
[PlyCount "45"]
[EventDate "2000.??.??"]

1. e4 e5 2. Nf3 Nc6 3. Bb5 a6 4. Ba4 Nf6 5. Qe2 b5 6. Bb3 Bc5 7. c3 d6 8. d3 h6
9. Be3 Bxe3 10. Qxe3 a5 11. Nbd2 a4 12. Bc2 a3 13. b4 O-O 14. O-O Be6 15. Bb3
Qd7 16. Nh4 d5 17. f4 d4 18. cxd4 exf4 19. Qxf4 Qxd4+ 20. Kh1 Nxb4 21. Nf5 Bxf5
22. Qxf5 Nxd3 23. Rf3 {brutus resigns} 0-1

[Event "ICS rated blitz match"]
[Site "204.178.125.65"]
[Date "2000.09.11"]
[Round "?"]
[White "Hossa"]
[Black "brutus"]
[Result "1-0"]
[WhiteElo "2535"]
[BlackElo "2275"]
[PlyCount "43"]
[EventDate "2000.??.??"]

1. e4 e6 2. d4 d5 3. Nc3 Nf6 4. Bg5 Bb4 5. e5 h6 6. Bd2 Bxc3 7. bxc3 Ne4 8. Nf3
c5 9. Bd3 Nxd2 10. Qxd2 Bd7 11. dxc5 Qa5 12. c4 Qxc5 13. cxd5 exd5 14. Rb1 b6
15. O-O O-O 16. Rfd1 Bg4 17. Qf4 Be6 18. c4 dxc4 19. Rbc1 Nd7 20. Bxc4 Bxc4 21.
Rxc4 Qb5 22. a4 {brutus resigns} 1-0

[Event "ICS rated blitz match"]
[Site "204.178.125.65"]
[Date "2000.09.11"]
[Round "?"]
[White "brutus"]
[Black "Hossa"]
[Result "0-1"]
[WhiteElo "2269"]
[BlackElo "2541"]
[PlyCount "156"]
[EventDate "2000.??.??"]

1. e4 e5 2. Nf3 Nc6 3. Bb5 a6 4. Ba4 Nf6 5. Qe2 b5 6. Bb3 Bc5 7. c3 d6 8. d3 h6
9. Be3 Bxe3 10. Qxe3 a5 11. Nbd2 a4 12. Bc2 a3 13. b4 O-O 14. Bb3 Nh5 15. O-O
Nf4 16. g3 Ng6 17. Ne1 Bh3 18. Ng2 Qf6 19. Bd5 Nge7 20. Bxc6 Nxc6 21. f4 exf4
22. gxf4 Bxg2 23. Kxg2 Rfe8 24. d4 d5 25. e5 Qf5 26. Rf3 Re6 27. Kh1 Rg6 28.
Qd3 Qxd3 29. Rxd3 Rg4 30. Rf1 Ne7 31. Rg3 Rxg3 32. hxg3 Nf5 33. Rf3 h5 34. Nf1
Ra6 35. Ne3 Nxe3 36. Rxe3 g6 37. Kg2 Rc6 38. Kf3 Kf8 39. Ke2 Ke8 40. Kd3 Kd8
41. Kc2 Kd7 42. Kb3 Ra6 43. Re2 Ra8 44. Rg2 Ke7 45. Rh2 Ke6 46. Rh4 Kf5 47. Rh1
Kg4 48. Rg1 Kf3 49. f5 gxf5 50. Rf1+ Kxg3 51. Rxf5 h4 52. Rxf7 h3 53. Rg7+ Kf2
54. Rf7+ Kg2 55. Rg7+ Kh1 56. Rxc7 h2 57. Rg7 Ra6 58. Rg8 Rh6 59. Rg7 Rc6 60.
Rg8 Rc7 61. Rg6 Rf7 62. Rg8 Rf1 63. Rg6 Rg1 64. Rh6 Rg3 65. e6 Re3 66. Rg6 Re2
67. Rg7 Rxe6 68. Kxa3 Re1 69. Rg5 Rg1 70. Rxd5 Rg3 71. Kb3 Kg2 72. Rh5 Rh3 73.
Rg5+ Kf2 74. Rf5+ Ke2 75. Re5+ Kd2 76. d5 h1=Q 77. d6 Rxc3+ 78. Kb2 Qc1# {
brutus checkmated} 0-1

[Event "ICS rated blitz match"]
[Site "204.178.125.65"]
[Date "2000.09.11"]
[Round "?"]
[White "Hossa"]
[Black "brutus"]
[Result "1-0"]
[WhiteElo "2547"]
[BlackElo "2263"]
[PlyCount "85"]
[EventDate "2000.??.??"]

1. e4 e6 2. d4 d5 3. Nc3 Nf6 4. Bg5 Bb4 5. e5 h6 6. Bd2 Bxc3 7. bxc3 Ne4 8. Nf3
c5 9. Bd3 Nxd2 10. Qxd2 cxd4 11. cxd4 Bd7 12. Rb1 b6 13. O-O O-O 14. c3 Nc6 15.
Qc2 Na5 16. Nd2 Qe7 17. f4 Rac8 18. Rf3 Rc7 19. Rh3 Rfc8 20. Rd1 Qa3 21. Nb3
Ba4 22. Rb1 Kh8 23. Be2 Nc4 24. g4 Qe7 25. Re1 Na3 26. Qc1 Bb5 27. g5 Bxe2 28.
Rxe2 Nb5 29. Ree3 Qa3 30. Qc2 Qe7 31. gxh6 g6 32. Reg3 Na3 33. Qe2 Nc4 34. h7
a5 35. Qe1 a4 36. Nd2 Nxd2 37. Qxd2 b5 38. Kh1 Rc4 39. Qd1 Qa3 40. Qe1 Qxa2 41.
Re3 Qa3 42. Qh4 R4c7 43. Qf6# {brutus checkmated} 1-0

[Event "ICS rated standard match"]
[Site "204.178.125.65"]
[Date "2000.09.11"]
[Round "?"]
[White "Hossa"]
[Black "magande"]
[Result "1-0"]
[WhiteElo "2388"]
[BlackElo "1982"]
[PlyCount "35"]
[EventDate "2000.??.??"]

1. e4 c5 2. Nf3 Nc6 3. d4 cxd4 4. Nxd4 e5 5. Nb5 d6 6. N1c3 a6 7. Na3 b5 8. Nd5
Be6 9. Be3 Nf6 10. Bb6 Qc8 11. Nc7+ Kd7 12. Nxa8 Qb7 13. c4 Be7 14. cxb5 axb5
15. Nc7 Qxb6 16. Nxe6 Nxe4 17. Nc5+ Qxc5 18. Qg4+ {magande resigns} 1-0

[Event "ICS Rated standard match"]
[Site "204.178.125.65"]
[Date "2000.09.11"]
[Round "?"]
[White "magande"]
[Black "Hossa"]
[Result "0-1"]
[WhiteElo "1979"]
[BlackElo "2391"]
[PlyCount "54"]
[EventDate "2000.??.??"]

1. b4 d5 2. Bb2 Nf6 3. e3 Bf5 4. Nf3 e6 5. a3 Nbd7 6. d4 Bd6 7. Nbd2 O-O 8. Be2
Ne4 9. O-O Nb6 10. c4 Nxd2 11. Nxd2 dxc4 12. Nxc4 Nxc4 13. Bxc4 Qh4 14. g3 Qh3
15. Qf3 c6 16. Rfe1 Bg4 17. Qg2 Qh5 18. f4 Rad8 19. e4 Rd7 20. Qf2 Rfd8 21. b5
cxb5 22. Bb3 Bc5 23. e5 Rxd4 24. Rac1 Rd2 25. Rxc5 Rxf2 26. Kxf2 Qxh2+ 27. Ke3
Qxg3+ {magande resigns} 0-1

[Event "ICS rated standard match"]
[Site "204.178.125.65"]
[Date "2000.09.11"]
[Round "?"]
[White "Hossa"]
[Black "magande"]
[Result "1-0"]
[WhiteElo "2394"]
[BlackElo "1976"]
[PlyCount "59"]
[EventDate "2000.??.??"]

1. d4 Nf6 2. c4 c5 3. d5 e6 4. Nc3 exd5 5. cxd5 d6 6. e4 Be7 7. Nf3 O-O 8. Bd3
a6 9. O-O Bg4 10. h3 Bh5 11. Bf4 Nbd7 12. Be2 b5 13. Qd3 b4 14. Nd1 Bg6 15. Nd2
Nb6 16. Ne3 Nh5 17. Bxh5 Bxh5 18. Nf5 Bg6 19. Nxe7+ Qxe7 20. Qg3 Rad8 21. a3
Qf6 22. axb4 Qxb2 23. bxc5 Nd7 24. cxd6 Nc5 25. Qe3 Nxe4 26. Nxe4 Rfe8 27. Rfb1
Qxb1+ 28. Rxb1 Rxe4 29. Qb6 Rde8 30. d7 {magande resigns} 1-0

[Event "ICS rated standard match"]
[Site "204.178.125.65"]
[Date "2000.09.11"]
[Round "?"]
[White "magande"]
[Black "Hossa"]
[Result "0-1"]
[WhiteElo "1973"]
[BlackElo "2397"]
[PlyCount "52"]
[EventDate "2000.??.??"]

1. b4 d5 2. Bb2 Nf6 3. e3 Bf5 4. Nf3 e6 5. a3 Nbd7 6. Be2 a5 7. b5 h6 8. O-O
Bd6 9. d4 Nb6 10. Nbd2 Na4 11. Qc1 O-O 12. c4 Ng4 13. h3 Nf6 14. c5 Be7 15. Ne5
Nxb2 16. Qxb2 Nd7 17. Bd3 Nxe5 18. Bxf5 exf5 19. dxe5 Bxc5 20. Rac1 Qe7 21. Rc3
Qxe5 22. Rfc1 Bd6 23. f4 Qe7 24. Qb3 d4 25. exd4 Bxf4 26. Rd1 Bxd2 {
magande resigns} 0-1

[Event "ICS rated standard match"]
[Site "204.178.125.65"]
[Date "2000.09.11"]
[Round "?"]
[White "Hossa"]
[Black "magande"]
[Result "1-0"]
[WhiteElo "2400"]
[BlackElo "1970"]
[PlyCount "67"]
[EventDate "2000.??.??"]

1. e4 c5 2. Nf3 Nc6 3. d4 cxd4 4. Nxd4 e5 5. Nb5 a6 6. Nd6+ Bxd6 7. Qxd6 Qe7 8.
Qxe7+ Kxe7 9. Bg5+ f6 10. Be3 Nh6 11. Nc3 d6 12. Nd5+ Kf8 13. Bxh6 gxh6 14.
O-O-O Kg7 15. Nb6 Rb8 16. Rxd6 Bg4 17. f3 Bh5 18. Bxa6 Nd4 19. Rd7+ Kf8 20.
Rxb7 Rxb7 21. Bxb7 Ke7 22. Nd5+ Kf7 23. c3 Ne2+ 24. Kd1 Nf4 25. Nxf4 exf4 26.
Bd5+ Ke7 27. Kc2 Rd8 28. Rd1 Rb8 29. b3 Be8 30. a4 Bd7 31. Rd4 Kd6 32. a5 Ke5
33. a6 Bc8 34. a7 {magande resigns} 1-0

[Event "ICS rated standard match"]
[Site "204.178.125.65"]
[Date "2000.09.11"]
[Round "?"]
[White "PostModernist"]
[Black "Hossa"]
[Result "1-0"]
[WhiteElo "2415"]
[BlackElo "2402"]
[PlyCount "131"]
[EventDate "2000.??.??"]

1. e4 c5 2. c3 Nf6 3. e5 Nd5 4. d4 cxd4 5. Nf3 e6 6. cxd4 b6 7. Bd3 Bb4+ 8. Bd2
d6 9. O-O Bb7 10. Nc3 dxe5 11. Bb5+ Bc6 12. Qa4 Bxb5 13. Nxb5 Nc6 14. Nxe5 Bxd2
15. Nxc6 Qh4 16. Nd6+ Kf8 17. Qa6 Kg8 18. Qb7 Rf8 19. Nxf7 a5 20. Rad1 Bf4 21.
g3 Qg4 22. Nxh8 Kxh8 23. Ne7 Qf3 24. Nxd5 exd5 25. Rde1 Bd2 26. Re5 Rd8 27.
Qxb6 Rf8 28. Qb5 Bb4 29. Qxd5 Qf6 30. a3 Bd2 31. Qe4 Qd8 32. f4 a4 33. Rd1 Ba5
34. Rh5 h6 35. Qe5 Bc7 36. Rxh6+ Kg8 37. Qe6+ Rf7 38. Rh8+ Kxh8 39. Qxf7 Kh7
40. Qh5+ Kg8 41. Qb5 Qe7 42. Kf2 Qf7 43. Qxa4 Bxf4 44. gxf4 Qxf4+ 45. Ke2 Qb8
46. Ke3 Qxb2 47. Rg1 Qc3+ 48. Ke4 Qc8 49. Qb3+ Kh7 50. Qg3 Qa8+ 51. d5 Qa4+ 52.
Kf5 Qd7+ 53. Kf4 Qc7+ 54. Kf3 Qc3+ 55. Kg2 Qd4 56. Kh3 g5 57. Qxg5 Qd3+ 58. Kh4
Qd4+ 59. Kh5 Qe5 60. Rg2 Qe8+ 61. Qg6+ Qxg6+ 62. Rxg6 Kh8 63. d6 Kh7 64. d7 Kh8
65. d8=Q+ Kh7 66. Qg8# {Hossa checkmated} 1-0

[Event "ICS rated standard match"]
[Site "204.178.125.65"]
[Date "2000.09.11"]
[Round "?"]
[White "Hossa"]
[Black "chancery"]
[Result "1/2-1/2"]
[WhiteElo "2387"]
[BlackElo "1970"]
[PlyCount "47"]
[EventDate "2000.??.??"]

1. e4 c5 2. Nf3 d6 3. d4 cxd4 4. Nxd4 Nf6 5. Nc3 g6 6. Be3 Bg7 7. f3 O-O 8. Qd2
Nc6 9. Bc4 Bd7 10. O-O-O Ne5 11. Bb3 Qa5 12. g4 Rfc8 13. Bh6 Bxh6 14. Qxh6 Rxc3
15. bxc3 Qxc3 16. Kb1 Nc4 17. Bxc4 Qxc4 18. h4 Rc8 19. h5 Be6 20. Nxe6 Qxc2+
21. Ka1 Qc3+ 22. Kb1 Qc2+ 23. Ka1 Qc3+ 24. Kb1 {Game drawn by mutual agreement}
1/2-1/2

[Event "ICS rated standard match"]
[Site "204.178.125.65"]
[Date "2000.09.12"]
[Round "?"]
[White "chancery"]
[Black "Hossa"]
[Result "0-1"]
[WhiteElo "1983"]
[BlackElo "2374"]
[PlyCount "40"]
[EventDate "2000.??.??"]

1. e4 e5 2. Nf3 Nc6 3. d4 exd4 4. Nxd4 Nf6 5. Nxc6 bxc6 6. e5 Qe7 7. Qe2 Nd5 8.
c4 Ba6 9. b3 g6 10. f4 f6 11. Qe4 f5 12. Qd4 Nb6 13. Bb2 Bg7 14. Qd2 d6 15. Bd3
dxe5 16. O-O e4 17. Re1 Rd8 18. Bxe4 Rxd2 19. Bxc6+ Kd8 20. Rxe7 Rd1+ {
chancery resigns} 0-1